| 000 | 00428nam a2200169Ia 4500 | ||
|---|---|---|---|
| 005 | 20250423100806.0 | ||
| 008 | 250422s9999 xx 000 0 und d | ||
| 020 | _a0-87973-980-0 | ||
| 100 | _aPeter, Val J. | ||
| 245 | 0 | _aRekindling the fires : an introduction to behavioral spirituality | |
| 260 | _aHuntington | ||
| 260 | _bOur Sunday Visitor | ||
| 260 | _c2001 | ||
| 300 | _a136 p | ||
| 650 | _aReligion | ||
| 942 | _cBK | ||
| 999 |
_c34353 _d34353 |
||